Every Character In Percy Jackson And The Olympians By Letter-J - Statistics

General Stats
  • This quiz has been taken 7 times
  • The average score is 3 of 5
Answer Stats
Times Mentioned Answer % Correct
4 Jason
86%
16 Janus
71%
11 Jake Mason
57%
61 Juniper
43%
9 Joe Bob
0%
No matching quizzes found
Score Distribution
Percent of People with Each Score
Percentile by Number Answered
Your Score History
You have not taken this quiz